Functional analysis (Record no. 12756)
[ view plain ]
| 000 -LEADER | |
|---|---|
| fixed length control field | 01304nam a2200277Ia 4500 |
| 003 - CONTROL NUMBER IDENTIFIER | |
| control field | OSt |
| 005 - DATE AND TIME OF LATEST TRANSACTION | |
| control field | 20250814110119.0 |
| 008 - FIXED-LENGTH DATA ELEMENTS--GENERAL INFORMATION | |
| fixed length control field | 220909b |||||||| |||| 00| 0 eng d |
| 020 ## - INTERNATIONAL STANDARD BOOK NUMBER | |
| International Standard Book Number | 9788126545049 |
| 037 ## - SOURCE OF ACQUISITION | |
| Terms of availability | Textual |
| 040 ## - CATALOGING SOURCE | |
| Original cataloging agency | CSL |
| Language of cataloging | eng |
| Transcribing agency | CSL |
| 041 ## - LANGUAGE CODE | |
| Language code of text/sound track or separate title | eng |
| 084 ## - COLON CLASSIFICATION NUMBER | |
| Classification number | B43 P2;1 |
| Assigning agency | CSL |
| 100 ## - MAIN ENTRY--PERSONAL NAME | |
| Personal name | Lax, Peter D |
| Relator term | author |
| 245 #0 - TITLE STATEMENT | |
| Title | Functional analysis |
| 260 ## - PUBLICATION, DISTRIBUTION, ETC. | |
| Place of publication, distribution, etc. | New Delhi |
| Name of publisher, distributor, etc. | Wiley |
| Date of publication, distribution, etc. | 2012 |
| 300 ## - PHYSICAL DESCRIPTION | |
| Extent | xix, 580p. |
| Other physical details | : ill. |
| 500 ## - GENERAL NOTE | |
| General note | Author index 573-576p.; Subject index 577-580p.; Reprint 2014 |
| 520 ## - SUMMARY, ETC. | |
| Summary, etc. | It is meant as a text, with short chapters in accordance with the author's belief that it is easier to digest this material in small chunks. The first 25 chapters make only modest technical demand on the reader and would serve well as a text for an introductory graduate course on functional analysis. The rest of the book is well suited for a more advanced graduate course on functional analysis in general, or in Hilbert space in particular. |
| 650 ## - SUBJECT ADDED ENTRY--TOPICAL TERM | |
| Topical term or geographic name entry element | Hilbert space |
| 9 (RLIN) | 817941 |
| 650 ## - SUBJECT ADDED ENTRY--TOPICAL TERM | |
| Topical term or geographic name entry element | Invariant subspaces |
| 9 (RLIN) | 817942 |
| 650 ## - SUBJECT ADDED ENTRY--TOPICAL TERM | |
| Topical term or geographic name entry element | Weak convergence |
| 9 (RLIN) | 817943 |
| 650 ## - SUBJECT ADDED ENTRY--TOPICAL TERM | |
| Topical term or geographic name entry element | Scattering theory |
| 942 ## - ADDED ENTRY ELEMENTS (KOHA) | |
| Classification part | B43 P2;1 |
| Koha item type | Textual |
| Source of classification or shelving scheme | Colon Classification (CC) |
| Suppress in OPAC | No |
| Withdrawn status | Lost status | Damaged status | Not for loan | Home library | Current library | Date acquired | Source of acquisition | Total Checkouts | Full call number | Barcode | Date last seen | Price effective from | Koha item type |
|---|---|---|---|---|---|---|---|---|---|---|---|---|---|
| Central Science Library | Central Science Library | 2022-09-12 | 1276, 17/03/2015, Indica Publishers & Distributors Pvt. Ltd. | B43 P2;1 | SL1598170 | 2022-09-12 | 2022-09-12 | Textual |
